Essentials of Organizational Behavior / (Record no. 32057)

000 -LEADER
fixed length control field 00655 a2200217 4500
003 - CONTROL NUMBER IDENTIFIER
control field OSt
005 - DATE AND TIME OF LATEST TRANSACTION
control field 20260115130927.0
008 - FIXED-LENGTH DATA ELEMENTS--GENERAL INFORMATION
fixed length control field 260115b ||||| |||| 00| 0 eng d
020 ## - INTERNATIONAL STANDARD BOOK NUMBER
International Standard Book Number 978-93-560-6005-0
040 ## - CATALOGING SOURCE
Transcribing agency .
082 ## - DEWEY DECIMAL CLASSIFICATION NUMBER
Classification number 302.35
Item number R632
100 ## - MAIN ENTRY--PERSONAL NAME
9 (RLIN) 1779
Personal name Robbins, Stephen P.
245 ## - TITLE STATEMENT
Title Essentials of Organizational Behavior /
Statement of responsibility, etc. by Stephen P. Robbins, Timothy A. Judge and P. S. James
250 ## - EDITION STATEMENT
Edition statement 5th ed.
260 ## - PUBLICATION, DISTRIBUTION, ETC.
Name of publisher, distributor, etc. Pearson India Education Services pvt ltd,
Place of publication, distribution, etc. India :
Date of publication, distribution, etc. 2022.
300 ## - PHYSICAL DESCRIPTION
Extent 436 p.
650 #0 - SUBJECT ADDED ENTRY--TOPICAL TERM
9 (RLIN) 2278
Topical term or geographic name entry element Organizational Behavior
700 ## - ADDED ENTRY--PERSONAL NAME
9 (RLIN) 6489
Personal name Judge, Timothy A.
9 (RLIN) 6490
Personal name James, P. S.
942 ## - ADDED ENTRY ELEMENTS (KOHA)
Source of classification or shelving scheme
Koha item type Books
Holdings
Withdrawn status Lost status Source of classification or shelving scheme Damaged status Not for loan Collection code Permanent Location Current Location Shelving location Date acquired Source of acquisition Cost, normal purchase price Full call number Barcode Date last seen Cost, replacement price Price effective from Koha item type
          Non-fiction IMU Kolkata IMU Kolkata Reference 2026-01-27 28 434.20 302.35 R632 14530 2026-01-27 650.00 2026-01-27 Books
          Non-fiction IMU Kolkata IMU Kolkata   2026-01-27 28 434.20 302.35 R632 14531 2026-01-27 650.00 2026-01-27 Books
          Non-fiction IMU Kolkata IMU Kolkata   2026-01-27 28 434.20 302.35 R632 14532 2026-01-27 650.00 2026-01-27 Books
          Non-fiction IMU Kolkata IMU Kolkata   2026-01-27 28 434.20 302.35 R632 14533 2026-01-27 650.00 2026-01-27 Books
Designed and Maintained by IMU-KC Library, Kolkata Campus © Copyright All Rights Reserved

webs counters

Powered by Koha